00621nam a2200193Ia 4500008004100000020001400041082001500055100004000070245005000110250000700160260004500167300001800212500001900230600002700249650001500276942000700291952011400298999001500412240925s9999 xx 000 0 und d a135311128 a658.45 LAH aLahiff , James M; Penrose ,John M. 0aBusiness Communication: strategies and skills aNA aNew Jersey:bPrintice- Hall Int.c,1997. a126p.bNAfNA aIncludes Index aEngineering Technology aManagement cBK 001040708ETaUITUbUITUd2001-04-20eNAg200.00l0o658.45 LAHpQ3481r2024-09-25 07:13:10w2024-09-25yBK c5980d5980